Catálogo
 En Linea

Carta enciclica sollicitudo rei socialis del sumo pontifice Juan Pablo II a los obispos, a los secerdotes, a las familias religiosas, a los hijos e hijas de la iglesia, asi como a todos los hombres de buena voluntad al cumplirse el vigésimo aniversario de la populorum progressio. (Registro nro. 38754)

Detalles MARC
000 -CABECERA
campo de control de longitud fija 00687nam a2200133 a 4500
001 - NÚMERO DE CONTROL
campo de control 000039264
005 - FECHA Y HORA DE LA ÚLTIMA TRANSACCIÓN
campo de control 20201002031553.0
008 - DATOS DE LONGITUD FIJA--INFORMACIÓN GENERAL
campo de control de longitud fija 130619s1988 dr 000 0 spa d
040 ## - FUENTE DE LA CATALOGACIÓN
Centro catalogador/agencia de origen DO-SdBNP
Lengua de catalogación spa
Centro/agencia transcriptor BNPHU
245 00 - MENCIÓN DE TÍTULO
Título Carta enciclica sollicitudo rei socialis del sumo pontifice Juan Pablo II a los obispos, a los secerdotes, a las familias religiosas, a los hijos e hijas de la iglesia, asi como a todos los hombres de buena voluntad al cumplirse el vigésimo aniversario de la populorum progressio.
260 ## - PUBLICACIÓN, DISTRIBUCIÓN, ETC.
Lugar de publicación, distribución, etc. Santiago, República Dominicana :
Nombre del editor, distribuidor, etc. Pontificia Universidad Católica Madre y Maestra,
Fecha de publicación, distribución, etc. 1988.
300 ## - DESCRIPCIÓN FÍSICA
Extensión 82 p. ;
Dimensiones 22 cm.
500 ## - NOTA GENERAL
Nota general Incluye notas al pie de las páginas
Existencias
Estado de retiro Estado de pérdida No para préstamo Código de colección Localización permanente Ubicación/localización actual Ubicación en estantería Fecha de adquisición Número de inventario Total de préstamos Signatura topográfica completa Código de barras Fecha visto por última vez Precio válido a partir de Tipo de ítem Koha
    Excluido de préstamo Patrimonio Dominicano Patrimonio Dominicano Patrimonio Dominicano En catalogación 19.06.2013 LF1   39264-10 25.06.2020 25.06.2020 Libro y Folleto Colección Patrimonio Dominicano

Con tecnología Koha